000 00643nam a2200229Ia 4500
008 220216s9999 xx 000 0 und d
100 _aJayasree P.K.
245 0 _aSomatic embryogenesis and plant regeneration from immature anthers of Hevea brasiliensis (Muell. Arg.)
260 _bCurrent Science
_c1999
300 _a1242-1245
650 _aAnther culture
650 _aPlant regeneration
650 _aSomatic embryogenesis
700 _aAsokan M.P.
700 _aJayashree R.
700 _aKala R.G.
700 _aRekha K.
700 _aSankariammal L.
700 _aSobha S.
700 _aThulaseedharan A.
942 _cBS
999 _c48845
_d48845